Student's Bible atlas (Record no. 44983)

MARC details
000 -LEADER
fixed length control field 00571nam a22001697a 4500
008 - FIXED-LENGTH DATA ELEMENTS--GENERAL INFORMATION
fixed length control field 150728b xxu||||| |||| 00| 0 eng d
020 ## - INTERNATIONAL STANDARD BOOK NUMBER
International Standard Book Number 0718808967
050 ## - LIBRARY OF CONGRESS CALL NUMBER
Classification number G2230
Item number .R68 1965
100 ## - MAIN ENTRY--PERSONAL NAME
Personal name Rowley, Harold Henry,
245 ## - TITLE STATEMENT
Title Student's Bible atlas
Statement of responsibility, etc edited by H. H. Rowley. Cartography by John Callow and Cedric E. Bush.
260 ## - PUBLICATION, DISTRIBUTION, ETC. (IMPRINT)
Place of publication, distribution, etc Cleveland;
Name of publisher, distributor, etc Lutterworth Press;
Date of publication, distribution, etc [1965]
300 ## - PHYSICAL DESCRIPTION
Extent 24 p. :
Other physical details col. illus., 24 col. maps,
Dimensions 25 cm.
650 ## - SUBJECT ADDED ENTRY--TOPICAL TERM
Topical term or geographic name as entry element Bible
Form subdivision Maps.
General subdivision Geography
700 ## - ADDED ENTRY--PERSONAL NAME
Personal name Callow, John,
Dates associated with a name 1933-
700 ## - ADDED ENTRY--PERSONAL NAME
Personal name Bush, Cedric E.
942 ## - ADDED ENTRY ELEMENTS (KOHA)
Source of classification or shelving scheme Library of Congress Classification
Item type Book
Holdings
Withdrawn status Lost status Source of classification or shelving scheme Damaged status Not for loan Collection code Home library Current library Shelving location Date acquired Source of acquisition Total Checkouts Full call number Barcode Copy number Price effective from Koha item type
    Library of Congress Classification     Non-fiction Bishop Okullu Memorial Library (Limuru Campus) Bishop Okullu Memorial Library (Limuru Campus) Processing Center 28/07/2015 Donation   G2230.R68 1965 044101 1 28/07/2015 Book